000
00322nam a22001337a 4500
008
181220b xxu||||| |||| 00| 0 eng d
020
_a
9780534348106
041
_a
eng
080
_a
371
100
_a
46
101
_a
EDU
245
_a
Understanding Diversity A Learning-as-Practice Primer
_c
Okun,B.F
942
_2
udc
_c
BK
999
_c
53565
_d
53565